Dopady ukrajinsko-ruského konfliktu na relokačné rozhodnutia firiem bakalárska práca

Salvato in:
Dettagli Bibliografici
Autore principale: Mašlonková, Anna
Ente Autore: Obchodná fakulta EU. Katedra medzinárodného obchodu
Altri autori: Krajčík, Daniel, 1981-
Natura: Libro
Lingua:slovacco
Pubblicazione: Bratislava 2023
Tags: Aggiungi Tag
Nessun Tag, puoi essere il primo ad aggiungerne!!

MARC

LEADER 00000nbm a2200000 4500
001 0294785
005 20240206132751.8
041 0 |a slo 
044 |a SK 
245 1 0 |a Dopady ukrajinsko-ruského konfliktu na relokačné rozhodnutia firiem  |b bakalárska práca  |c Anna Mašlonková ; školiteľ: Daniel Krajčík 
264 1 |a Bratislava  |c 2023 
300 |a 66 s. 
100 1 |a Mašlonková, Anna 
700 1 |a Krajčík, Daniel, 1981- 
710 2 |a Obchodná fakulta EU. Katedra medzinárodného obchodu